000 00794nam a22001817a 4500
999 _c15463
_d15463
003 AR-CdUCM
008 190427b ||||| |||| 00| 0 spa d
040 _aMUNICIPALIDAD PROVINCIAL DEL CUSCO
_cBIBLIOTECA MUNICIPAL DEL CUSCO
082 _a382.7 /
_bG25 / 1910
100 _aGàrate de la Puente, Pedro M.
_934544
245 _aRecopilación de leyes, decretos y resoluciones concernientes al ramo de las aduanas :
_bdictadas durante los años 1900 a 1909 /
260 _aLima :
_bTip. del panóptico,
_c1910.
300 _a368 + cxvii páginas ;
_c21 cm.
505 _aContenido: t.1. Empleados y pensionistas -- Despacho de mercaderías -- Mercadería de despacho en playa -- Almacenes de aduana ...
650 _aDerecho aduanero
_934545
942 _2ddc
_cLIBROS
945 _aacv
_d2019-04-27